[Event "Vladimir Petrov Memorial"]
[Site "Jurmala LAT"]
[Date "2013.02.15"]
[Round "1.3"]
[White "Mustaps, Matiss"]
[Black "Shirov, Alexei"]
[Result "0-1"]
[BlackTitle "GM"]
[WhiteElo "2244"]
[BlackElo "2709"]
[WhiteFideId "11602295"]
[BlackFideId "2209390"]
[EventDate "2013.02.15"]

1. e4 e5 2. Nf3 Nc6 3. Nc3 g6 4. d4 exd4 5. Nxd4 Bg7 6. Be3 Nf6 7. Qd2 O-O 8.
O-O-O Re8 9. f3 d5 10. Nxc6 bxc6 11. Bh6 Bxh6 12. Qxh6 Rb8 13. Bc4 Be6 14. h4
Qe7 15. exd5 cxd5 16. Bxd5 Bxd5 17. Nxd5 Nxd5 18. Rxd5 Qb4 19. b3 Qc3 20. Kb1
Re2 21. Rc1 Rxg2 22. Qf4 Qc6 23. Rd4 Rf2 24. Rc4 Rxf3 25. Qd4 Qb6 26. Qd7 c5 27.
h5 Rf5 28. hxg6 hxg6 29. Rg1 Re5 30. Rf1 Rf8 31. Qd2 Qe6 32. Rh1 Re8 33. Kb2 Re2 0-1

[Event "Vladimir Petrov Memorial"]
[Site "Jurmala LAT"]
[Date "2013.02.15"]
[Round "2.3"]
[White "Shirov, Alexei"]
[Black "Yevseev, Denis"]
[Result "1-0"]
[WhiteTitle "GM"]
[BlackTitle "GM"]
[WhiteElo "2709"]
[BlackElo "2536"]
[WhiteFideId "2209390"]
[BlackFideId "4126378"]
[EventDate "2013.02.15"]

1. e4 c6 2. d4 d5 3. e5 Bf5 4. Nf3 e6 5. Be2 Ne7 6. O-O c5 7. c4 Nbc6 8. dxc5 d4
9. Qb3 Ng6 10. Qxb7 Qc8 11. Qxc8+ Rxc8 12. Nbd2 Bxc5 13. Nb3 d3 14. Bd1 Bb6 15.
Re1 O-O 16. Bd2 a5 17. c5 Bc7 18. Bc3 Rfd8 19. h3 h5 20. Nbd4 Nxd4 21. Nxd4 d2
22. Re3 Bxe5 23. Rxe5 Nxe5 24. Nxf5 exf5 25. Bxe5 Rxc5 26. Bc3 Rcd5 27. a4 Re8
28. Bxh5 Rd3 29. Kf1 1-0

[Event "Vladimir Petrov Memorial"]
[Site "Jurmala LAT"]
[Date "2013.02.15"]
[Round "2.6"]
[White "Volodin, Aleksandr"]
[Black "Grachev, Boris"]
[Result "0-1"]
[WhiteTitle "GM"]
[BlackTitle "GM"]
[WhiteElo "2498"]
[BlackElo "2693"]
[WhiteFideId "4501950"]
[BlackFideId "4129199"]
[EventDate "2013.02.15"]

1. d4 d5 2. c4 c6 3. Nf3 Nf6 4. e3 Bf5 5. Nc3 e6 6. Nh4 Be4 7. f3 Bg6 8. Qb3 Qc7
9. Bd2 Be7 10. g3 a6 11. Rc1 dxc4 12. Bxc4 Nbd7 13. Be2 O-O 14. Nxg6 hxg6 15.
O-O Rad8 16. Be1 e5 17. dxe5 Nxe5 18. Bf2 c5 19. Rfd1 c4 20. Qa4 Bc5 21. b3 Qb6
22. f4 Neg4 23. Bxg4 Nxg4 24. Rxd8 Rxd8 25. Rd1 Bxe3 26. Rxd8+ Qxd8 27. Bxe3
Nxe3 28. Kf2 Ng4+ 29. Kf3 Nxh2+ 30. Kf2 0-1

[Event "Vladimir Petrov Memorial"]
[Site "Jurmala LAT"]
[Date "2013.02.15"]
[Round "3.2"]
[White "Sandipan, Chanda"]
[Black "Shirov, Alexei"]
[Result "0-1"]
[WhiteTitle "GM"]
[BlackTitle "GM"]
[WhiteElo "2590"]
[BlackElo "2709"]
[WhiteFideId "5004225"]
[BlackFideId "2209390"]
[EventDate "2013.02.15"]

1. d4 d5 2. c4 c6 3. Nf3 Nf6 4. e3 Bf5 5. Nc3 e6 6. Nh4 Bg6 7. Nxg6 hxg6 8. Bd3
Nbd7 9. O-O Bd6 10. h3 a6 11. Bd2 dxc4 12. Bxc4 b5 13. Be2 c5 14. dxc5 Bxc5 15.
Bf3 Ra7 16. Ne4 Nxe4 17. Bxe4 O-O 18. Qe2 Ne5 19. Rfd1 Qe7 20. Rac1 Bb4 21. b3
f5 22. Bxb4 Qxb4 23. Bb1 g5 24. Qd2 Qxd2 25. Rxd2 g4 26. hxg4 Nxg4 27. Rd6 Kf7
28. Rcc6 Ne5 29. Rxa6 Rxa6 30. Rxa6 Rc8 31. Bxf5 exf5 32. Ra5 Ng4 33. Kf1 Rc2
34. Rxb5 Rxf2+ 35. Ke1 Rxa2 36. Rxf5+ Kg6 37. Rf3 Rxg2 38. Kd1 Rb2 39. e4 Nf2+
40. Kc1 Re2 41. b4 Nxe4 42. Rd3 Nf6 43. b5 Re6 0-1

[Event "Vladimir Petrov Memorial"]
[Site "Jurmala LAT"]
[Date "2013.02.15"]
[Round "3.5"]
[White "Grachev, Boris"]
[Black "Gleizerov, Evgeny"]
[Result "1/2-1/2"]
[WhiteTitle "GM"]
[BlackTitle "GM"]
[WhiteElo "2693"]
[BlackElo "2546"]
[WhiteFideId "4129199"]
[BlackFideId "4101332"]
[EventDate "2013.02.15"]

1. d4 e6 2. Bf4 f5 3. e3 Nf6 4. Nf3 g6 5. Be2 Bg7 6. h3 d6 7. O-O O-O 8. c4 Qe7
9. Nc3 Nc6 10. Bh2 Nd8 11. b4 Nf7 12. Rc1 g5 13. Nd2 e5 14. c5 f4 15. Kh1 exd4
16. exd4 dxc5 17. bxc5 Rd8 18. Nf3 Be6 19. Re1 Qd7 20. Bb5 c6 21. Ba4 Nd5 22.
Nxd5 Bxd5 23. Bc2 Re8 24. Qd3 h6 25. Ne5 Nxe5 26. dxe5 Kf8 27. f3 Rxe5 28. Rxe5
Bxe5 29. Bb3 Rd8 30. Rd1 Qf7 31. Bg1 Bf6 32. Qc2 Bxb3 33. Rxd8+ Bxd8 34. axb3
Bf6 35. b4 Kg7 36. Qf5 Qe8 37. Kh2 Qe7 38. Qc8 Bc3 39. Qf5 Qf7 40. Qd3 Bf6 41.
Qf5 Qe7 42. Qc8 Be5 43. Bf2 Qc7 44. Qe6 Bf6 45. Bg1 Qd8 46. Bf2 Qd2 47. Bg1 Qxb4
48. Qd7+ Kf8 49. Qc8+ Ke7 50. Qc7+ Ke6 51. Qd6+ Kf7 52. Qd7+ Kf8 53. Qc8+ Ke7
54. Qc7+ Ke8 55. Qc8+ Kf7 56. Qd7+ 1/2-1/2

[Event "Vladimir Petrov Memorial"]
[Site "Jurmala LAT"]
[Date "2013.02.15"]
[Round "4.4"]
[White "Fier, Alexandr"]
[Black "Grachev, Boris"]
[Result "0-1"]
[WhiteTitle "GM"]
[BlackTitle "GM"]
[WhiteElo "2577"]
[BlackElo "2693"]
[WhiteFideId "2107139"]
[BlackFideId "4129199"]
[EventDate "2013.02.15"]

1. d4 d5 2. Bg5 h6 3. Bh4 c5 4. dxc5 Nc6 5. c3 g5 6. Bg3 e5 7. Nf3 f6 8. e4 dxe4
9. Nfd2 Be6 10. Be2 f5 11. Bh5+ Ke7 12. h3 Nf6 13. Be2 Kf7 14. b4 f4 15. Bh2 a5
16. b5 Nb8 17. Qc2 Nbd7 18. Nxe4 Nxc5 19. Nbd2 Bd5 20. f3 Ncxe4 21. fxe4 Be6 22.
Bg1 Qc7 23. b6 Qc6 24. Rb1 Bb4 25. Bc4 Bxc4 26. cxb4 Bd5 27. Qb2 Bxe4 28. Rc1
Qb5 29. Rc7+ Kg6 30. Bc5 Bxg2 31. Rg1 f3 32. Qc2+ e4 33. Nc4 axb4 34. Ne5+ Kf5
35. Nc4 Qa4 36. Rxg2 b3 37. Qc3 bxa2 38. Qe5+ Kg6 39. Rxg5+ hxg5 40. Rg7+ Kxg7
41. Qxg5+ Kh7 42. Qf5+ Kg7 43. Qg5+ Kf7 44. Nd6+ Ke7 45. Nxe4+ Kd7 46. Qf5+ Kc6
47. Qxf6+ Kb5 48. Nc3+ Kxc5 49. Qe5+ Kc4 50. Qd5+ Kxc3 51. Qd2+ Kc4 0-1

[Event "Vladimir Petrov Memorial"]
[Site "Jurmala LAT"]
[Date "2013.02.16"]
[Round "5.6"]
[White "Sveshnikov, Evgeny"]
[Black "Kurnosov, Igor"]
[Result "0-1"]
[WhiteTitle "GM"]
[BlackTitle "GM"]
[WhiteElo "2530"]
[BlackElo "2649"]
[WhiteFideId "4100638"]
[BlackFideId "4142527"]
[EventDate "2013.02.15"]

1. e4 d6 2. d4 Nf6 3. Nc3 g6 4. Be3 a6 5. h3 Nbd7 6. f4 b5 7. e5 b4 8. Qf3 Rb8
9. exf6 bxc3 10. bxc3 Bb7 11. fxe7 Qxe7 12. Qf2 Nf6 13. Bd3 Bh6 14. Ne2 Bxg2 15.
Qxg2 Qxe3 16. Rf1 O-O 17. Rf3 Qe7 18. Kf1 d5 19. Bxa6 c5 20. a4 Qa7 21. Bd3 c4
22. Bf5 Kh8 23. Bg4 Ne4 24. f5 Nd2+ 25. Kg1 Nxf3+ 26. Qxf3 Rb2 27. Qxd5 Rxc2 28.
a5 Re8 29. a6 gxf5 30. Qxf5 Rd2 31. Kf1 Re6 32. Qf3 Rxa6 33. Rxa6 Qxa6 34. Qxf7
Qa8 35. Qxc4 Rd1+ 36. Kf2 Qf8+ 37. Kg3 Rf1 38. Qc8 Rf3+ 39. Kh4 Qxc8 40. Bxc8
Re3 41. Bg4 Kg7 42. d5 Kf6 43. d6 Bg5+ 44. Kh5 Re5 45. d7 Bd2+ 46. Kh4 Be1+ 47.
Ng3 Ke7 48. c4 Re3 49. Kg5 Bxg3 50. Kh6 Rc3 51. Kxh7 Rxc4 52. Kg6 Rc6+ 53. Kg7
Be5+ 54. Kh7 Bf6 55. Kg6 Kf8 56. Kf5 Bd8 57. Ke4 Kg7 58. Kd5 Rb6 59. Ke5 Bc7+
60. Kd5 Rd6+ 61. Kc5 Kf6 62. Kb5 Ke5 63. Kc5 Bb6+ 64. Kb5 Bd8 65. Kc5 Rd2 66.
Kc4 Rc2+ 67. Kd3 Rc5 68. Bf3 Ba5 69. Bg4 Rc3+ 70. Ke2 Ke4 71. Kf2 Rc2+ 72. Kf1
Kf4 73. Bh5 Rd2 74. Bg4 Kg3 75. Kg1 Rf2 0-1

[Event "Vladimir Petrov Memorial"]
[Site "Jurmala LAT"]
[Date "2013.02.16"]
[Round "6.3"]
[White "Shirov, Alexei"]
[Black "Miezis, Normunds"]
[Result "1-0"]
[WhiteTitle "GM"]
[BlackTitle "GM"]
[WhiteElo "2709"]
[BlackElo "2572"]
[WhiteFideId "2209390"]
[BlackFideId "11600136"]
[EventDate "2013.02.15"]

1. e4 c5 2. Nf3 e6 3. d4 cxd4 4. Nxd4 a6 5. c4 Nf6 6. Nc3 Bb4 7. Qf3 Qa5 8. Bd2
Qe5 9. Nc2 Ba5 10. b4 Bc7 11. g3 Qh5 12. Qg2 g5 13. Be2 Qg6 14. h4 g4 15. h5
Nxh5 16. Ne3 Nf6 17. c5 Nc6 18. Nc4 Nxb4 19. Rh6 Qg7 20. Rc1 Ng8 21. Rh5 f6 22.
Na4 Nc6 23. Nab6 Rb8 24. Bf4 e5 25. Be3 Nge7 26. Nd6+ Bxd6 27. cxd6 Ng6 28. Bxg4
Qg8 29. Nd5 Qf8 30. Rf5 Qxd6 31. Bc5 Qe6 32. Nc7+ 1-0

[Event "Vladimir Petrov Memorial"]
[Site "Jurmala LAT"]
[Date "2013.02.16"]
[Round "6.6"]
[White "Gleizerov, Evgeny"]
[Black "Peralta, Fernando"]
[Result "1-0"]
[WhiteTitle "GM"]
[BlackTitle "GM"]
[WhiteElo "2546"]
[BlackElo "2632"]
[WhiteFideId "4101332"]
[BlackFideId "105309"]
[EventDate "2013.02.15"]

1. d4 d5 2. c4 e6 3. Nf3 Nf6 4. g3 Bb4+ 5. Bd2 Be7 6. Bg2 O-O 7. O-O c6 8. Qb3
Nbd7 9. Nc3 Nb6 10. cxd5 exd5 11. Ne5 Ng4 12. Bf4 Nxe5 13. Bxe5 Nc4 14. Bf4 Bd6
15. Bxd6 Nxd6 16. Rad1 Bf5 17. Rfe1 Re8 18. Na4 Qf6 19. Nc5 Re7 20. Na4 Rae8 21.
Nc3 h5 22. h4 g5 23. hxg5 Qxg5 24. e4 dxe4 25. Re3 Bg6 26. Rde1 Kh7 27. Qb4 Re6
28. b3 a6 29. Qc5 Qe7 30. d5 Nf5 31. Qxe7 R6xe7 32. Rxe4 cxd5 33. Nxd5 Rxe4 34.
Rxe4 Rxe4 35. Bxe4 Nd6 36. Bf3 Kh6 37. Kf1 Kg5 38. Ke2 h4 39. gxh4+ Kxh4 40. Ke3
Kg5 41. Kd4 Bb1 42. Nc3 Kf4 43. Bd5 Bg6 44. Kc5 Ne4+ 1-0

[Event "Vladimir Petrov Memorial"]
[Site "Jurmala LAT"]
[Date "2013.02.16"]
[Round "9.5"]
[White "Miezis, Normunds"]
[Black "Gleizerov, Evgeny"]
[Result "1/2-1/2"]
[WhiteTitle "GM"]
[BlackTitle "GM"]
[WhiteElo "2572"]
[BlackElo "2546"]
[WhiteFideId "11600136"]
[BlackFideId "4101332"]
[EventDate "2013.02.15"]

1. c4 e5 2. Nc3 Nc6 3. g3 g6 4. Bg2 Bg7 5. e4 d6 6. Nge2 Be6 7. d3 Nh6 8. h3 O-O
9. Be3 f5 10. Qd2 Nf7 11. O-O Qd7 12. Kh2 Rae8 13. f4 Nd4 14. Rae1 c6 1/2-1/2

[Event "Vladimir Petrov Memorial"]
[Site "Jurmala LAT"]
[Date "2013.02.17"]
[Round "13.6"]
[White "Kulaots, Kaido"]
[Black "Shirov, Alexei"]
[Result "1/2-1/2"]
[WhiteTitle "GM"]
[BlackTitle "GM"]
[WhiteElo "2582"]
[BlackElo "2709"]
[WhiteFideId "4500261"]
[BlackFideId "2209390"]
[EventDate "2013.02.15"]

1. e4 c5 2. Nf3 d6 3. d4 cxd4 4. Nxd4 Nf6 5. Nc3 a6 6. Be2 e5 7. Nb3 Be7 8. O-O
O-O 9. Re1 Be6 10. Bf3 Qc7 11. a4 Rd8 12. Be3 Nbd7 13. a5 b5 14. axb6 Nxb6 15.
Na5 Nc4 16. Nxc4 Bxc4 17. Ra4 Rab8 18. Qa1 d5 19. exd5 Bxd5 20. Nxd5 Nxd5 21.
Bxd5 Rxd5 22. c4 Rd3 23. Rxa6 Qxc4 24. Ra8 Qc8 25. Rxb8 Qxb8 26. Rc1 h6 27. h3
Rb3 28. Rc2 Bf6 29. Qc1 Qb5 30. Rc5 Qd3 31. Rc3 Rxc3 32. Qxc3 e4 33. Qc8+ Kh7
34. Qf5+ Kg8 35. Qc8+ Kh7 36. Qf5+ Kg8 1/2-1/2

[Event "Vladimir Petrov Memorial"]
[Site "Jurmala LAT"]
[Date "2013.02.17"]
[Round "14.5"]
[White "Antipov, Mikhail Al."]
[Black "Zhigalko, Sergei"]
[Result "1/2-1/2"]
[WhiteTitle "IM"]
[BlackTitle "GM"]
[WhiteElo "2472"]
[BlackElo "2656"]
[WhiteFideId "4107012"]
[BlackFideId "13502956"]
[EventDate "2013.02.15"]

1. e4 c5 2. Nf3 d6 3. d4 cxd4 4. Nxd4 Nf6 5. Nc3 a6 6. h3 e6 7. g4 Be7 8. Bg2
O-O 9. Be3 Nc6 10. a4 Nd7 11. O-O Nde5 12. b3 Qc7 13. Nde2 b6 14. f4 Nd7 15. Qd2
Bb7 16. g5 Rfe8 17. Nd1 Rad8 18. c4 Na5 19. Rb1 Nc5 20. Qc2 Nc6 21. b4 Nd7 22.
Qd2 a5 23. b5 Nb4 24. Rc1 Nc5 25. Nf2 Nxa4 26. Ng3 Nc5 27. Nh5 Bf8 28. Kh1 d5
29. cxd5 exd5 30. Bxc5 bxc5 31. e5 Kh8 32. Rg1 c4 33. Ng4 d4 34. Kh2 c3 35. Bxb7
Qxb7 36. Qf2 Qe4 37. Rce1 Qg6 38. Qh4 d3 39. Ref1 Bc5 40. Rg2 Bd4 41. f5 Qb6 42.
g6 fxg6 43. Nxg7 Kxg7 44. fxg6 Qxg6 45. Rf6 Bxe5+ 46. Nxe5 Qxg2+ 47. Kxg2 Rxe5
48. Rb6 Re2+ 49. Kg1 Rf8 50. Rb7+ Rf7 51. Qg5+ Kf8 52. Qh6+ Ke8 53. Rb8+ Kd7 54.
Rb7+ Ke8 55. Rb8+ Kd7 56. Rb7+ Ke8 57. Rb8+ Kd7 58. Rb7+ Ke8 59. Qh5 Re1+ 60.
Kg2 Re2+ 61. Kg1 Re1+ 62. Kg2 Re2+ 63. Kg1 Re1+ 64. Kg2 Re2+ 65. Kg1 Re1+ 66.
Kg2 Re7 67. Kg1 1/2-1/2